Statistieken voor Grootste Nederlandse grensgemeentes

Klik hier om de quiz te nemen!

Algemene statistieken

  • Deze quiz is 484 keer genomen
  • De gemiddelde score is 8 van 14

Antwoordstatistieken

Grenst aanInwonersAntwoord% Correct
België122.461Maastricht
94%
Duitsland157.864Enschede
80%
België182.424Breda
76%
Duitsland100.872Venlo
76%
België / Duitsland93.204Sittard-Geleen
61%
Duitsland57.520Roermond
60%
België76.902Roosendaal
59%
Duitsland86.910Heerlen
56%
Duitsland107.417Emmen
55%
België54.519Terneuzen
51%
Duitsland45.870Kerkrade
49%
België49.502Weert
42%
Duitsland60.406Hardenberg
20%
Duitsland44.166Berkelland
8%

Scoreverdeling

Percentiel versus Aantal Correcte Antwoorden

Procent van Mensen met Elke Score

Uw Scoregeschiedenis

U heeft deze quiz nog niet genomen